000
00286nam a22001097a 4500
008
170118b xxu||||| |||| 00| 0 eng d
020
_a
9781418033118
041
_a
eng
080
_a
618.2
245
_a
INTRAVENOUS INFUSION THERAPY FOR MEDICAL ASSISTANTS
_c
JOSEPHSON, D.L
942
_2
udc
_c
BK
999
_c
3125
_d
3125